<?xml version="1.0" encoding="UTF-8"?>
<marc:record xmlns:marc="http://www.loc.gov/MARC21/slim">
   <marc:leader>00000nam a2200000 a 4500</marc:leader>
   <marc:datafield ind1="1" ind2=" " tag="100">
      <marc:subfield code="a">Lorenzen, Dirk H.</marc:subfield>
      <marc:subfield code="4">ctb</marc:subfield>
      <marc:subfield code="e">Mitwirkende/-r</marc:subfield>
   </marc:datafield>
   <marc:datafield ind1=" " ind2=" " tag="653">
      <marc:subfield code="a">Satellitenbild</marc:subfield>
   </marc:datafield>
   <marc:datafield ind1=" " ind2=" " tag="653">
      <marc:subfield code="a">Satellitenbilder</marc:subfield>
   </marc:datafield>
   <marc:datafield ind1=" " ind2=" " tag="653">
      <marc:subfield code="a">Satellitentechnik</marc:subfield>
   </marc:datafield>
   <marc:datafield ind1=" " ind2=" " tag="653">
      <marc:subfield code="a">Satelliten</marc:subfield>
   </marc:datafield>
   <marc:datafield ind1=" " ind2=" " tag="653">
      <marc:subfield code="a">Raumfahrt</marc:subfield>
   </marc:datafield>
   <marc:datafield ind1=" " ind2=" " tag="653">
      <marc:subfield code="a">Himmelskörper</marc:subfield>
   </marc:datafield>
   <marc:datafield ind1=" " ind2=" " tag="653">
      <marc:subfield code="a">Erdbeobachtung</marc:subfield>
   </marc:datafield>
   <marc:datafield ind1=" " ind2=" " tag="653">
      <marc:subfield code="a">Softcover / Sachbücher/Natur</marc:subfield>
   </marc:datafield>
   <marc:datafield ind1=" " ind2=" " tag="653">
      <marc:subfield code="a">Technik/Astronomie/Allgemeines</marc:subfield>
   </marc:datafield>
   <marc:datafield ind1=" " ind2=" " tag="653">
      <marc:subfield code="a">Nachschlagewerke</marc:subfield>
   </marc:datafield>
   <marc:datafield ind1=" " ind2=" " tag="653">
      <marc:subfield code="a">Bildband</marc:subfield>
   </marc:datafield>
   <marc:datafield ind1="0" ind2="0" tag="245">
      <marc:subfield code="a">Unsere Erde</marc:subfield>
   </marc:datafield>
   <marc:datafield ind1="0" ind2="0" tag="245">
      <marc:subfield code="b">Satelliten erforschen unseren Planeten = Beautiful earth</marc:subfield>
   </marc:datafield>
   <marc:datafield ind1="0" ind2="0" tag="245">
      <marc:subfield code="c">Dirk H. Lorenzen. [Ed.: Harro Schweizer. Transl.: JMS Books llp ...</marc:subfield>
   </marc:datafield>
   <marc:datafield ind1=" " ind2="1" tag="264">
      <marc:subfield code="a">Potsdam</marc:subfield>
      <marc:subfield code="b">Ullmann</marc:subfield>
      <marc:subfield code="c">2015</marc:subfield>
   </marc:datafield>
   <marc:datafield ind1="1" ind2=" " tag="520">
      <marc:subfield code="a">Angaben aus der Verlagsmeldung

Unsere Erde : Satelliten erforschen unseren Planeten / von Dirk H. Lorenzen

Kein anderer Himmelskörper wird so intensiv beobachtet wie die Erde. Satelliten liefern den täglichen Wolkenfilm für den Wetterbericht, überwachen die Verschmutzung der Erdatmosphäre und können mit modernsten Messverfahren sogar ins Innere unseres Planeten blicken. Doch sie liefern auch aktuelle Informationen über Vulkanausbrüche, Hurrikane, Erdbeben, Überschwemmungen – Naturkatastrophen bleiben und sind Phänomene, die uns schockieren, aber auch in den Bann ziehen. Satelliten spielen bei der Erforschung von Naturkatastrophen eine wichtige Rolle und helfen dabei, sie zu verstehen und vorherzusagen.
Der Autor entdeckt aus der kosmischen Perspektive ganz neue Seiten unserer vermeintlich so vertrauten Erde. Ein Buch, das beschreibt, was aus dem All zu beobachten ist, wie man misst, worin der wissenschaftliche Nutzen liegt, und wie diese Daten bei der Katastrophenhilfe, in Klimamodellen, bei Wetter- und Erdbebenvorhersagen, beim Flugverkehr, in der Geophysik etc. zum Einsatz kommen.
Highlight:
• Einzigartiges Bildmaterial von Astrium, ESA und NASA
• mit den aktuellsten Aufnahmen von Naturkatastrophen
• mit verständlichen Texten wird Satellitenforschung auf höchstem Niveau dem Leser zugänglich gemacht
</marc:subfield>
   </marc:datafield>
   <marc:datafield ind1=" " ind2=" " tag="020">
      <marc:subfield code="a">9783848008278</marc:subfield>
      <marc:subfield code="9">9783848008278</marc:subfield>
   </marc:datafield>
   <marc:datafield ind1=" " ind2=" " tag="041">
      <marc:subfield code="a">mul</marc:subfield>
   </marc:datafield>
   <marc:datafield ind1=" " ind2=" " tag="300">
      <marc:subfield code="a">223 S.</marc:subfield>
   </marc:datafield>
</marc:record>
